Welcome to WEB OPAC of MRSPTU Central Library

Textbook of Agriculture (Record no. 7615)

MARC details
000 -LEADER
fixed length control field 00408nam a2200169Ia 4500
008 - FIXED-LENGTH DATA ELEMENTS--GENERAL INFORMATION
fixed length control field 230711s9999||||xx |||||||||||||| ||und||
020 ## - INTERNATIONAL STANDARD BOOK NUMBER
International Standard Book Number 978-93-84649-76-0
041 ## - LANGUAGE CODE
Language code of text/sound track or separate title ENG
082 ## - DEWEY DECIMAL CLASSIFICATION NUMBER
Classification number 630
Item number VA-A
100 ## - MAIN ENTRY--PERSONAL NAME
Personal name Vaidya,A.V.
245 #0 - TITLE STATEMENT
Title Textbook of Agriculture
260 ## - PUBLICATION, DISTRIBUTION, ETC.
Date of publication, distribution, etc. 2017
Place of publication, distribution, etc. New Delhi
Name of publisher, distributor, etc. Write & Print Publications
300 ## - PHYSICAL DESCRIPTION
Extent 355p.
650 ## - SUBJECT ADDED ENTRY--TOPICAL TERM
Topical term or geographic name entry element Agriculture
700 ## - ADDED ENTRY--PERSONAL NAME
Personal name Saran,R.
942 ## - ADDED ENTRY ELEMENTS (KOHA)
Koha item type Book
Holdings
Withdrawn status Lost status Damaged status Not for loan Collection Home library Current library Date acquired Source of acquisition Cost, normal purchase price Inventory number Total checkouts Full call number Barcode Date last seen Date last checked out Price effective from Koha item type
          MRSPTU Central Library MRSPTU Central Library   Technical Bureau India PVT.LTD 399.00 TB47944713 1 630 VA-A P2352 03/05/2025 02/06/2025 08/17/2023 Book
          MRSPTU Central Library MRSPTU Central Library   Technical Bureau India PVT.LTD 399.00 TB47944713   630 VA-A P2353 08/17/2023   08/17/2023 Book
          MRSPTU Central Library MRSPTU Central Library   Technical Bureau India PVT.LTD 399.00 TB47944713 2 630 VA-A P2354 04/23/2024 04/09/2024 08/17/2023 Book
          MRSPTU Central Library MRSPTU Central Library   Technical Bureau India PVT.LTD 399.00 TB47944713 1 630 VA-A P2355 02/24/2025 02/06/2025 08/17/2023 Book
          MRSPTU Central Library MRSPTU Central Library   Technical Bureau India PVT.LTD 399.00 TB47944713   630 VA-A P2356 08/17/2023   08/17/2023 Book

Website Designed and Developed by MRSPTU Central Library Team

E-mail Id: librarian@mrsptu.ac.in